Which Country Doesn't Fit? - Statistics

General Stats
  • This quiz has been taken 69 times
  • The average score is 8 of 15
Answer Stats
Question Answer % Correct
That is a country Quebec
100%
Is considered to be a Caucass Turkmenistan
88%
That was colonized by Britain Belarus
75%
That was part of Yugoslavia Hungary
75%
That is landlocked Italy
75%
That has English as an official language Angola
63%
That has good relations with America Nicaragua
63%
That was involved in WW2 Sweden
63%
That is part of the Lesser Antilles Haiti
50%
Has great relations with Russia Japan
50%
That has less than 20,000 people Monaco
50%
That gained independence before America Haiti
25%
That is majority Muslim Liberia
25%
That Quizmaster has visited Belgium
13%
That has at least one Jetpunk user Tuvalu
13%
No matching quizzes found
Score Distribution
Percent of People with Each Score
Percentile by Number Answered
Your Score History
You have not taken this quiz